| 000 | 00455 a2200133 4500 | ||
|---|---|---|---|
| 001 | 87725 | ||
| 082 | _aPR 102 | ||
| 090 |
_c41184 _d41184 |
||
| 100 | _aMuhammad Hasan, Plt Off 16070 73(B) | ||
| 245 | _aDevelopment of an algorithm for fault prediction in JF-17 aircraft engine using sensor data | ||
| 260 |
_aRisalpur _bCAE, PAF Academy Risalpur _c2012 |
||
| 300 |
_aix, 77p. _eManzar Abbas, Sqn Ldr ; Nauman Mazhar, Sqn Ldr |
||
| 500 | _aBE Project reports | ||
| 942 |
_aCAE NUST _kPR 102 |
||
| 999 |
_c322798 _d322798 |
||